Gombasecká jaskyňa

Podrobná bibliografia
Médium: Kniha
Jazyk:slovenčina
ruština
nemčina
francúzština
Fyzický popis:1 zlož. l. ([6] s.) fotogr., mp. 22 x 32 cm 1 text.
Vydavateľské údaje: [Bratislava] Vládny výbor pre cestovný ruch SSR 1976
Predmet:

MARC

LEADER 00000nam a2200000 a 4500
001 vtls010647875
003 SK-MaSNL
005 20260301180346.0
008 180814s1976 xo ob g 000 0 slo
020 |q (brož.) 
040 |a SNK  |b slo  |c SNK  |e AACR2 
041 0 |a slo  |a rus  |a ger  |a fre 
044 |a xo  |c SK 
072 7 |a 551  |x Geológia. Meteorológia. Klimatológia  |2 konspekt 
080 |a 551.442  |2 2001 
080 |a (437.6)  |2 2001 
080 |a (0.029)  |2 2001 
245 0 0 |a Gombasecká jaskyňa 
260 |a [Bratislava]  |b Vládny výbor pre cestovný ruch SSR  |c 1976 
300 |e 1 zlož. l. ([6] s.)  |b fotogr., mp.  |c 22 x 32 cm  |e 1 text. 
500 |a Názov z obalu 
500 |a Vyd. pre Správu slovenských jaskýň v Liptovskom Mikuláši 
546 |a Súbež. text v ruš., nem., franc. 
650 0 7 |a jaskyne  |2 SNKPH  |9 20772 
651 7 |a Gombasecká jaskyňa (Slovensko)  |2 SNKPH  |9 15960 
655 7 |a skladačky  |2 SNKPH  |9 70683 
958 |a OND 
999 |c 845950  |d 847880 
952 |a SNK  |b SNK  |y PREZ  |7 0  |p 17A1134925  |o snkOSC 27056  |i snk2015/1512  |8 3  |g 0.20  |0 0  |1 0  |4 0  |d 2015-01-19  |l 0  |r 2026-02-24 04:26:06  |w 2026-02-24 
952 |a SNK  |b SNK  |y PREZ  |7 0  |p 17A1134926  |o snkOSC 27056/príl.  |i snk2015/1512  |8 0  |3 Príloha: 1 list  |z Príloha: 1 list  |0 0  |1 0  |4 0  |d 2015-01-19  |l 0  |r 2026-02-24 04:26:06  |w 2026-02-24